000
00303nam a2200121 4500
999
_c
8720
_d
8720
082
_a
005.133PAT
100
_a
Patel, B.C
245
_a
Programming Through Fortran 77
260
_a
New Delhi
_b
BPB Publications,
_c
1998.
300
_a
206p. ;
650
_a
Fortran77 (Computer program language)
942
_c
BK